Normal view
MARC view
Entry Topical Term
001 - CONTROL NUMBER
- control field: 16805
003 - CONTROL NUMBER IDENTIFIER
- control field: ARRUPE
005 - DATE AND TIME OF LATEST TRANSACTION
- control field: 20150331113924.0
008 - FIXED-LENGTH DATA ELEMENTS
- fixed length control field: 150331|| aca||aabn | a|a d
040 ## - CATALOGING SOURCE
- Original cataloging agency: ARRUPE
- Transcribing agency: ARRUPE
150 ## - HEADING--TOPICAL TERM
- Topical term or geographic name as entry element: Great Britain colonies
- General subdivision: Rhodesi northern
670 ## - SOURCE DATA FOUND
- Source citation: Work cat.: (ARRUPE): Bradley, K. 16803, The Diary of a district officer , 1943